[Event "Oviedo op 8th"]
[Site "Oviedo"]
[Date "2022.07.22"]
[Round "8"]
[White "Gutierrez Garcia, Marcos II"]
[Black "Vega Viejo, Marcelino"]
[Result "1-0"]
[WhiteElo "1783"]
[BlackElo "2047"]
[PlyCount "41"]
[EventDate "2022.07.17"]
[EventType "swiss"]
[EventRounds "9"]
[EventCountry "ESP"]
[SourceTitle "CBM 209 Extra"]
[Source "ChessBase"]
[SourceDate "2022.09.30"]
[SourceVersion "1"]
[SourceVersionDate "2022.09.30"]
[SourceQuality "1"]

1. e4 e5 2. Nf3 Nc6 3. Bb5 Nf6 4. 0-0 Nxe4 5. d4 Nd6 6. dxe5 Nxb5 7. a4 d6 8. axb5 Nxe5 9. Re1 Be7 10. Nxe5 dxe5 11. Qxd8+ Kxd8 12. Rxe5 Bd6 13. Re2 Bg4 14. f3 Bd7 15. c4 Bf5 16. b3 Bc5+ 17. Be3 Bd3 18. Bxc5 Bxe2 19. Nc3 Re8 20. Kf2 Bxc4 21. bxc4 1-0

[Event "Oviedo op 8th"]
[Site "Oviedo"]
[Date "2022.07.21"]
[Round "7"]
[White "Vega Viejo, Marcelino"]
[Black "Gonzalez Laso, Adrian"]
[Result "0-1"]
[WhiteElo "2047"]
[BlackElo "2294"]
[PlyCount "70"]
[EventDate "2022.07.17"]
[EventType "swiss"]
[EventRounds "9"]
[EventCountry "ESP"]
[SourceTitle "CBM 209 Extra"]
[Source "ChessBase"]
[SourceDate "2022.09.30"]
[SourceVersion "1"]
[SourceVersionDate "2022.09.30"]
[SourceQuality "1"]

1. Nf3 e6 2. c4 f5 3. g3 b6 4. d4 Bb7 5. Bg2 Nf6 6. 0-0 Be7 7. Nc3 Ne4 8. Bd2 0-0 9. Rc1 Bf6 10. Qc2 Nxc3 11. Bxc3 Be4 12. Qd2 d6 13. Rfd1 Nd7 14. Qe3 Qe7 15. Ne1 Bxg2 16. Nxg2 g5 17. Qf3 g4 18. Qc6 Bg5 19. Bd2 Bxd2 20. Rxd2 Nf6 21. Nf4 Ne4 22. Rd3 Rae8 23. Re3 Qg7 24. Rd1 Ng5 25. c5 bxc5 26. dxc5 Qxb2 27. Qxc7 Qc2 28. Qxd6 Rd8 29. Qxd8 Rxd8 30. Rxd8+ Kf7 31. Kg2 Qxc5 32. h4 gxh3+ 33. Nxh3 Qc6+ 34. f3 Nxh3 35. Kxh3 Qc1 0-1

[Event "Oviedo op 8th"]
[Site "Oviedo"]
[Date "2022.07.20"]
[Round "5"]
[White "Tribushnaya, Olga"]
[Black "Vega Viejo, Marcelino"]
[Result "0-1"]
[WhiteElo "1766"]
[BlackElo "2047"]
[PlyCount "80"]
[EventDate "2022.07.17"]
[EventType "swiss"]
[EventRounds "9"]
[EventCountry "ESP"]
[SourceTitle "CBM 209 Extra"]
[Source "ChessBase"]
[SourceDate "2022.09.30"]
[SourceVersion "1"]
[SourceVersionDate "2022.09.30"]
[SourceQuality "1"]

1. e4 e5 2. Nf3 Nc6 3. Bb5 Nf6 4. 0-0 Nxe4 5. Bxc6 dxc6 6. Re1 Nd6 7. Rxe5+ Be7 8. Qe1 f6 9. Re3 Kf7 10. d3 Re8 11. Nc3 Bf8 12. Rxe8 Qxe8 13. Qxe8+ Nxe8 14. Be3 Nd6 15. Ne4 b6 16. Re1 c5 17. Nfd2 Be6 18. a3 Be7 19. f3 Rd8 20. Kf2 Nb5 21. Bf4 Rd7 22. Ke2 Nd4+ 23. Kd1 g5 24. Be3 h6 25. g4 Nc6 26. Ng3 c4 27. dxc4 Ne5 28. Kc1 Nxc4 29. Nxc4 Bxc4 30. Nf5 Bf8 31. f4 Be6 32. fxg5 hxg5 33. Rf1 Kg6 34. h3 Rh7 35. Rf3 Bd5 36. Rg3 Be4 37. Kd2 Rd7+ 38. Kc3 Bxf5 39. gxf5+ Kxf5 40. Rf3+ Ke4 0-1

[Event "Oviedo op 8th"]
[Site "Oviedo"]
[Date "2022.07.20"]
[Round "6"]
[White "Vega Viejo, Marcelino"]
[Black "Diaz Hevia, Nicolas"]
[Result "1-0"]
[WhiteElo "2047"]
[BlackElo "1530"]
[PlyCount "73"]
[EventDate "2022.07.17"]
[EventType "swiss"]
[EventRounds "9"]
[EventCountry "ESP"]
[SourceTitle "CBM 209 Extra"]
[Source "ChessBase"]
[SourceDate "2022.09.30"]
[SourceVersion "1"]
[SourceVersionDate "2022.09.30"]
[SourceQuality "1"]

1. Nf3 c5 2. c4 Nc6 3. Nc3 g6 4. g3 Bg7 5. Bg2 e6 6. 0-0 Nge7 7. e3 0-0 8. d4 cxd4 9. exd4 d5 10. cxd5 exd5 11. Bg5 h6 12. Bxe7 Nxe7 13. Ne5 Be6 14. Re1 Nc6 15. Nxg6 Re8 16. Nf4 Nxd4 17. Ncxd5 Rc8 18. Nxe6 Rxe6 19. Ne3 Rd6 20. Qg4 Rg6 21. Qe4 Re6 22. Qxb7 Rb6 23. Qxa7 Rxb2 24. Qa6 Nc2 25. Rac1 Rc3 26. Nxc2 Rbxc2 27. Rxc2 Rxc2 28. Qa4 Qd2 29. Re8+ Bf8 30. Qg4+ Qg5 31. Qb4 Rc1+ 32. Bf1 Qg7 33. Kg2 h5 34. h4 Rc2 35. a4 Rb2 36. Rxf8+ Kh7 37. Bd3+ 1-0

[Event "Oviedo op 3rd"]
[Site "Oviedo"]
[Date "2008.07.31"]
[Round "9"]
[White "Fernandez Cueto, Ruben"]
[Black "Vega Viejo, Marcelino"]
[Result "0-1"]
[WhiteElo "1964"]
[BlackElo "2180"]
[PlyCount "110"]
[EventDate "2008.07.23"]
[EventType "swiss"]
[EventRounds "9"]
[EventCountry "ESP"]
[SourceTitle "CBM 125 Extra"]
[Source "ChessBase"]
[SourceDate "2008.09.01"]
[SourceVersion "1"]
[SourceVersionDate "2008.09.01"]
[SourceQuality "1"]

1. d4 d5 2. Nf3 Nf6 3. g3 c5 4. c3 cxd4 5. cxd4 Nc6 6. Bg2 e6 7. 0-0 Qb6 8. Nc3 Bd7 9. a3 Rc8 10. Na4 Qa6 11. Nc5 Bxc5 12. dxc5 Ne4 13. Be3 Na5 14. Ne5 Bb5 15. Bxe4 dxe4 16. b4 Nc4 17. Nxc4 Bxc4 18. Re1 0-0 19. Qc2 f5 20. a4 e5 21. b5 Qe6 22. f4 exf4 23. gxf4 a6 24. Qb2 Rf6 25. Kh1 Rg6 26. Rg1 Rd8 27. Rxg6 hxg6 28. Rc1 axb5 29. axb5 Ra8 30. c6 bxc6 31. b6 Bb5 32. Ra1 Rxa1+ 33. Qxa1 Qb3 34. Qd4 Bxe2 35. Qd8+ Kh7 36. Qh4+ Bh5 37. Qe1 g5 38. Bd4 gxf4 39. Qh4 Qd1+ 40. Kg2 Qe2+ 41. Kg1 Qd1+ 42. Kg2 Qd2+ 43. Kh1 Kg6 44. Bf2 Bf3+ 45. Kg1 Qc1+ 46. Be1 Qb2 47. Qf2 Qb1 48. h4 Bg4 49. Kh2 e3 50. Qxf4 Qxe1 51. b7 Qxh4+ 52. Kg2 Qh3+ 53. Kg1 e2 54. Kf2 Qf1+ 55. Kg3 e1Q+ 0-1

[Event "Oviedo op 3rd"]
[Site "Oviedo"]
[Date "2008.07.28"]
[Round "6"]
[White "Vega Viejo, Marcelino"]
[Black "Pozo Vera, Sandro"]
[Result "0-1"]
[WhiteElo "2180"]
[BlackElo "2454"]
[PlyCount "146"]
[EventDate "2008.07.23"]
[EventType "swiss"]
[EventRounds "9"]
[EventCountry "ESP"]
[SourceTitle "CBM 125 Extra"]
[Source "ChessBase"]
[SourceDate "2008.09.01"]
[SourceVersion "1"]
[SourceVersionDate "2008.09.01"]
[SourceQuality "1"]

1. c4 e6 2. Nc3 d5 3. d4 c5 4. e3 Nf6 5. Nf3 Nc6 6. dxc5 Bxc5 7. a3 a6 8. b4 Ba7 9. Bb2 0-0 10. Rc1 d4 11. exd4 Nxd4 12. Nxd4 Bxd4 13. Na4 e5 14. Be2 Bd7 15. Bxd4 exd4 16. 0-0 d3 17. Bf3 d2 18. Ra1 Bxa4 19. Qxa4 Qc7 20. Qc2 Rad8 21. Rad1 Qd7 22. c5 Rfe8 23. a4 Re7 24. c6 bxc6 25. Qxc6 Qxc6 26. Bxc6 Ne4 27. Bxe4 Rxe4 28. b5 a5 29. f3 Rxa4 30. Rf2 Ra2 31. b6 Rb2 32. b7 Rxb7 33. Rfxd2 Rxd2 34. Rxd2 Rb8 35. Ra2 Ra8 36. Ra4 Kf8 37. Kf2 Ke7 38. Ke3 Kd6 39. Kd4 Kc6 40. Kc4 Ra7 41. Kb3 Kb5 42. Rh4 a4+ 43. Ka3 h6 44. Rb4+ Kc5 45. h4 h5 46. g4 Rd7 47. Rf4 hxg4 48. fxg4 Rd3+ 49. Ka2 Rd4 50. Rxf7 Rxg4 51. h5 Kd5 52. Ra7 Ke5 53. Ra6 Kf5 54. h6 g5 55. Kb2 Rh4 56. Kc2 a3 57. Ra5+ Kg6 58. Ra6+ Kh7 59. Rxa3 Kxh6 60. Kd2 Re4 61. Rh3+ Kg6 62. Rh1 Kf5 63. Rf1+ Kg6 64. Kd3 Re8 65. Rg1 Re7 66. Kd2 Re5 67. Kd3 Kf5 68. Rf1+ Kg4 69. Kd4 Re2 70. Kd3 Re5 71. Kd4 Ra5 72. Ke3 Re5+ 73. Kd2 Kg3 0-1

[Event "Trevias San Miguel op"]
[Site "Trevias"]
[Date "2007.09.17"]
[Round "1.10"]
[White "Vega Viejo, Marcelino"]
[Black "Menendez Solar, Jose Carlos"]
[Result "1-0"]
[WhiteElo "2093"]
[BlackElo "1925"]
[PlyCount "71"]
[EventDate "2007.09.17"]
[EventType "swiss"]
[EventRounds "7"]
[EventCountry "ESP"]
[SourceTitle "EXT 2024"]
[Source "ChessBase"]
[SourceDate "2023.10.10"]
[SourceVersion "1"]
[SourceVersionDate "2023.10.10"]
[SourceQuality "1"]

1. d4 d5 2. c4 c6 3. Nc3 Nf6 4. Nf3 dxc4 5. e3 b5 6. a4 Qb6 7. axb5 cxb5 8. b3 e6 9. bxc4 bxc4 10. Bxc4 Be7 11. 0-0 0-0 12. Qe2 Nbd7 13. e4 Bb7 14. Bf4 Rfc8 15. Rfc1 Bb4 16. Rab1 a5 17. Bd3 Qd8 18. Bd2 h6 19. e5 Nd5 20. Ne4 Rxc1+ 21. Rxc1 Rc8 22. Rxc8 Qxc8 23. h3 Qa8 24. Ng3 Nf8 25. Nh2 Bxd2 26. Qxd2 Nb4 27. Bf1 Qc8 28. Ng4 Qc2 29. Qe3 Bd5 30. Nh5 Qg6 31. Nf4 Qg5 32. Qg3 h5 33. Nxh5 Kh7 34. Nf4 Nd7 35. h4 Qh6 36. Nxh6 1-0

[Event "Oviedo op"]
[Site "Oviedo"]
[Date "2007.07.21"]
[Round "1"]
[White "Garcia Garcia, Jesus"]
[Black "Vega Viejo, Marcelino"]
[Result "0-1"]
[WhiteElo "1886"]
[BlackElo "2093"]
[PlyCount "92"]
[EventDate "2007.07.21"]
[EventType "swiss"]
[EventRounds "9"]
[EventCountry "ESP"]
[SourceTitle "EXT 2008"]
[Source "ChessBase"]
[SourceDate "2007.11.25"]
[SourceVersion "1"]
[SourceVersionDate "2007.11.25"]
[SourceQuality "1"]

1. d4 Nf6 2. Nf3 e6 3. Bg5 c5 4. e3 Nc6 5. c4 cxd4 6. exd4 Qb6 7. Nc3 Qxb2 8. Nb5 Bb4+ 9. Bd2 Bxd2+ 10. Nxd2 Nxd4 11. Bd3 Nxb5 12. cxb5 Qe5+ 13. Be2 Nd5 14. Nf3 Qc3+ 15. Nd2 Qe5 16. Nf3 Qb2 17. Qc1 Qb4+ 18. Qd2 Qxd2+ 19. Nxd2 Nf4 20. Bf3 Nd3+ 21. Ke2 Ne5 22. Be4 d5 23. Bc2 Bd7 24. a4 Rc8 25. Rhc1 Ke7 26. f4 Ng6 27. g3 Rc3 28. Bxg6 Rxc1 29. Rxc1 hxg6 30. Rc7 Rb8 31. a5 b6 32. Rxa7 bxa5 33. Rxa5 Bxb5+ 34. Ke3 f6 35. Nf3 Bd7 36. Nd4 e5 37. fxe5 fxe5 38. Ne2 Kd6 39. Ra6+ Bc6 40. Ra7 Rb7 41. Rxb7 Bxb7 42. g4 d4+ 43. Nxd4 exd4+ 44. Kxd4 g5 45. Ke3 Ke5 46. Kf2 Kf4 0-1

[Event "Oviedo op"]
[Site "Oviedo"]
[Date "2006.07.06"]
[Round "6.8"]
[White "Auro Ordonez, Roberto"]
[Black "Vega Viejo, Marcelino"]
[Result "1/2-1/2"]
[WhiteElo "1862"]
[BlackElo "2120"]
[PlyCount "114"]
[EventDate "2006.07.01"]
[EventType "swiss"]
[EventRounds "9"]
[EventCountry "ESP"]
[SourceTitle "CBM 113 Extra"]
[Source "ChessBase"]
[SourceDate "2006.09.14"]
[SourceVersion "1"]
[SourceVersionDate "2006.09.14"]
[SourceQuality "1"]

1. d4 Nf6 2. Nf3 e6 3. Bf4 c5 4. e3 Qb6 5. Nbd2 d5 6. Rb1 Nc6 7. c3 Bd7 8. Bd3 Rc8 9. Qb3 Qa5 10. dxc5 Qxc5 11. Qb5 Qxb5 12. Bxb5 a6 13. Bd3 Nh5 14. Bg3 Nxg3 15. hxg3 h6 16. Nd4 Ne5 17. Be2 f5 18. N4f3 Ng4 19. Nh2 Nf6 20. Nhf3 Bd6 21. Nh4 Kf7 22. Nhf3 b5 23. a3 e5 24. 0-0 g5 25. Bd1 a5 26. Bb3 Be6 27. a4 g4 28. Nh4 Rb8 29. Rfc1 bxa4 30. Bxa4 Ne4 31. Rd1 Bc5 32. Nxe4 fxe4 33. Rd2 Rb6 34. Kh2 Rhb8 35. b3 Rc8 36. Rc2 Rb7 37. b4 axb4 38. cxb4 Rxb4 39. Rxb4 Bxb4 40. Rb2 Rb8 41. Rc2 Rb7 42. Rc6 Ra7 43. Bc2 Be1 44. Kg1 Ra1 45. Ng6 Kxg6 46. Rxe6+ Kf5 47. Re8 Rc1 48. Ba4 d4 49. Bd7+ Kf6 50. exd4 e3 51. dxe5+ Kf7 52. e6+ Kg7 53. Re7+ Kf6 54. Rf7+ Kg6 55. fxe3 Bxg3+ 56. Rf1 Rxf1+ 57. Kxf1 Bd6 1/2-1/2

[Event "Oviedo op"]
[Site "Oviedo"]
[Date "2006.07.03"]
[Round "3.10"]
[White "Vega Viejo, Marcelino"]
[Black "Olay Valdes, Rodrigo"]
[Result "1-0"]
[WhiteElo "2120"]
[BlackElo "1819"]
[PlyCount "63"]
[EventDate "2006.07.01"]
[EventType "swiss"]
[EventRounds "9"]
[EventCountry "ESP"]
[SourceTitle "CBM 113 Extra"]
[Source "ChessBase"]
[SourceDate "2006.09.14"]
[SourceVersion "1"]
[SourceVersionDate "2006.09.14"]
[SourceQuality "1"]

1. d4 Nf6 2. c4 g6 3. Nc3 Bg7 4. e4 d6 5. Nf3 0-0 6. Be2 e5 7. d5 a5 8. Bg5 h6 9. Bh4 Na6 10. Nd2 Qe8 11. a3 Bd7 12. b3 Nh7 13. Rb1 f5 14. f3 g5 15. Bf2 f4 16. b4 axb4 17. axb4 Rf7 18. c5 Bf8 19. c6 bxc6 20. dxc6 Be6 21. Nd5 h5 22. Bc4 Kh8 23. Ra1 Bxd5 24. Bxd5 Rg7 25. Qa4 Re7 26. b5 Nb4 27. Qxa8 Nc2+ 28. Ke2 Nxa1 29. Rxa1 Qg6 30. b6 cxb6 31. Ra7 Rxa7 32. Qxa7 1-0

[Event "San Miguel op"]
[Site "Trevias"]
[Date "2004.09.22"]
[Round "3.6"]
[White "Vega Viejo, Marcelino"]
[Black "Garrido Moreno, Angel Luis"]
[Result "0-1"]
[WhiteElo "2186"]
[BlackElo "2076"]
[PlyCount "78"]
[EventDate "2004.09.20"]
[EventType "swiss"]
[EventRounds "7"]
[EventCountry "ESP"]
[SourceTitle "EXT 2005"]
[Source "ChessBase"]
[SourceDate "2004.11.15"]
[SourceVersion "1"]
[SourceVersionDate "2004.11.15"]
[SourceQuality "1"]

1. d4 d5 2. c4 c6 3. Nc3 Nf6 4. Nf3 g6 5. Bf4 Bg7 6. e3 Nbd7 7. Rc1 Nb6 8. b3 Bg4 9. h3 Bxf3 10. Qxf3 0-0 11. Be2 Re8 12. g4 dxc4 13. bxc4 Nbd7 14. Qg3 Qa5 15. 0-0 e5 16. dxe5 Nxe5 17. Rfd1 h6 18. h4 g5 19. hxg5 hxg5 20. Bxg5 Nexg4 21. Bf4 Re6 22. Rd6 Rxd6 23. Bxd6 Nh6 24. e4 Re8 25. e5 Nd7 26. f4 Nf5 27. Qh3 Qb6+ 28. c5 Nxc5 29. Nd5 cxd5 30. Bxc5 Qb2 31. Re1 Qd2 32. Bf2 Qxf4 33. Bd3 Nd4 34. Bg3 Qg5 35. Bh7+ Kf8 36. Qg2 Re6 37. Bd3 Bxe5 38. Bxe5 Nf3+ 39. Kf2 Qxg2+ 0-1

[Event "Asturias-chT Preferente 0102"]
[Site "Asturias"]
[Date "2001.12.08"]
[Round "4.2"]
[White "Vega Viejo, Marcelino"]
[Black "Arias Rodriguez, Santiago"]
[Result "1-0"]
[WhiteElo "2173"]
[BlackElo "2155"]
[PlyCount "67"]
[EventDate "2001.11.03"]
[EventType "team"]
[EventRounds "11"]
[EventCountry "ESP"]
[SourceTitle "EXT 2003"]
[Source "ChessBase"]
[SourceDate "2002.11.25"]
[SourceVersion "1"]
[SourceVersionDate "2002.11.25"]
[SourceQuality "1"]

1. d4 Nf6 2. c4 c5 3. d5 b5 4. cxb5 a6 5. Nc3 axb5 6. d6 Qa5 7. dxe7 Bxe7 8. e3 b4 9. Nd5 Nxd5 10. Qxd5 0-0 11. Nf3 d6 12. Bd3 Be6 13. Qh5 g6 14. Qh6 c4 15. Be4 Ra7 16. h4 Bd5 17. Ng5 Bxg5 18. hxg5 f5 19. Bf3 Nc6 20. Bxd5+ Qxd5 21. 0-0 c3 22. bxc3 bxc3 23. a4 Raa8 24. Ba3 c2 25. Bb2 Ne5 26. Qh4 Nd3 27. Bf6 Qe4 28. Qg3 f4 29. exf4 Rxa4 30. Rac1 Nxc1 31. Rxc1 Ra3 32. Qg4 Re8 33. Qd7 Rd3 34. Qg7# 1-0

[Event "Asturias-chT Preferente 0102"]
[Site "Asturias"]
[Date "2001.12.01"]
[Round "3.1"]
[White "Vega Viejo, Marcelino"]
[Black "Andres Gonzalez, Alberto"]
[Result "0-1"]
[WhiteElo "2173"]
[BlackElo "2374"]
[PlyCount "68"]
[EventDate "2001.11.03"]
[EventType "team"]
[EventRounds "11"]
[EventCountry "ESP"]
[SourceTitle "EXT 2003"]
[Source "ChessBase"]
[SourceDate "2002.11.25"]
[SourceVersion "1"]
[SourceVersionDate "2002.11.25"]
[SourceQuality "1"]

1. d4 Nf6 2. c4 e5 3. dxe5 Ng4 4. Bf4 g5 5. Bd2 Nxe5 6. Bc3 Bg7 7. e3 Qe7 8. Ne2 0-0 9. Ng3 d6 10. Be2 Be6 11. 0-0 f5 12. Nd2 Nbd7 13. Rc1 Nf6 14. c5 f4 15. cxd6 Qxd6 16. exf4 gxf4 17. Nh5 Nxh5 18. Bxh5 Rad8 19. Qa4 Nd3 20. Bxg7 Kxg7 21. Rc2 c5 22. Bf3 Qd4 23. Qxd4+ Rxd4 24. Ne4 b6 25. Nc3 Nb4 26. Rcc1 Rd2 27. b3 Nxa2 28. Nxa2 Rxa2 29. Rc3 Rd8 30. Re1 Kf6 31. b4 c4 32. g3 fxg3 33. hxg3 Rd3 34. Rxd3 cxd3 0-1

[Event "Asturias-chT Preferente 0102"]
[Site "Asturias"]
[Date "2001.11.03"]
[Round "1.2"]
[White "Vega Viejo, Marcelino"]
[Black "Fernandez Ponce, Luis Miguel"]
[Result "1-0"]
[WhiteElo "2173"]
[BlackElo "2041"]
[PlyCount "131"]
[EventDate "2001.11.03"]
[EventType "team"]
[EventRounds "11"]
[EventCountry "ESP"]
[SourceTitle "EXT 2003"]
[Source "ChessBase"]
[SourceDate "2002.11.25"]
[SourceVersion "1"]
[SourceVersionDate "2002.11.25"]
[SourceQuality "1"]

1. Nf3 d5 2. c4 c6 3. e3 Nf6 4. b3 g6 5. Bb2 Bg7 6. Be2 0-0 7. 0-0 Nbd7 8. Nc3 e5 9. cxd5 Nxd5 10. Nxd5 cxd5 11. Rc1 Re8 12. Qc2 Nf8 13. d4 e4 14. Nd2 Ne6 15. b4 Bd7 16. Qb3 Nc7 17. Rc2 Bf8 18. Rfc1 Bd6 19. b5 Rc8 20. b6 axb6 21. Qxb6 Bc6 22. Nb3 Ne6 23. Qxd8 Nxd8 24. Nc5 Ra8 25. Bc3 Ne6 26. Nb3 Ba4 27. f3 f5 28. g4 Ng5 29. f4 Ne6 30. gxf5 gxf5 31. Bh5 Re7 32. Be1 Rg7+ 33. Kh1 Bc6 34. Bh4 Be7 35. Bxe7 Rxe7 36. Be2 Rg7 37. Bf1 Ra3 38. Bh3 Rf7 39. Rg1+ Kf8 40. Rg3 Ke7 41. Kg2 Ba4 42. Rb2 Kf6 43. Kf2 Bxb3 44. axb3 Rc7 45. b4 Rcc3 46. Bf1 h5 47. h4 Nxf4 48. Be2 Nxe2 49. Rxe2 Rab3 50. Rg5 Rxb4 51. Rxh5 Rbc4 52. Rh6+ Ke7 53. Rb6 Rc7 54. Kg3 R3c6 55. Reb2 Rc2 56. Kf4 Rxb2 57. Rxb2 Kf6 58. Rb6+ Rc6 59. Rxb7 Kg6 60. Rd7 Rc1 61. Rd6+ Kh5 62. Kxf5 Kxh4 63. Rxd5 Kg3 64. Kxe4 Kf2 65. Rf5+ Ke2 66. Rh5 1-0

[Event "Asturias-ch Preferente"]
[Site "Norena"]
[Date "2001.02.24"]
[Round "2.1"]
[White "Vega Viejo, Marcelino"]
[Black "Roiz Baztan, David"]
[Result "0-1"]
[WhiteElo "2194"]
[BlackElo "2339"]
[PlyCount "90"]
[EventDate "2001.02.17"]
[EventType "swiss"]
[EventRounds "9"]
[EventCountry "ESP"]
[SourceTitle "EXT 2002"]
[Source "ChessBase"]
[SourceDate "2001.11.25"]
[SourceVersion "1"]
[SourceVersionDate "2001.11.25"]
[SourceQuality "1"]

1. d4 Nf6 2. c4 g6 3. Nc3 Bg7 4. e4 d6 5. Nf3 0-0 6. Be2 e5 7. 0-0 Nc6 8. d5 Ne7 9. Ne1 Ne8 10. Be3 f5 11. f3 f4 12. Bf2 h5 13. Rc1 g5 14. c5 Ng6 15. Nb5 a6 16. Na3 Rf7 17. cxd6 Nxd6 18. Nd3 b6 19. Nb4 Bf8 20. Nc6 Qf6 21. Nc2 Rg7 22. Kh1 Kh8 23. a4 g4 24. Qe1 Nf7 25. a5 b5 26. N2b4 Bd6 27. Nd3 Ng5 28. Rc2 gxf3 29. Bxf3 Nxf3 30. gxf3 Bh3 31. Rg1 Rag8 32. Qc3 Nh4 33. Ndxe5 Kh7 34. Ng4 Qxc3 35. Rxc3 hxg4 36. Bxh4 gxf3 37. Rxg7+ Rxg7 38. Bf2 Rg2 39. Rc2 Bc5 40. Rxc5 Rxf2 41. Rc1 Rxb2 42. Ne5 f2 43. Rxc7+ Kh6 44. Rc1 f1Q+ 45. Rxf1 Bxf1 0-1

[Event "Asturias-ch"]
[Site "Asturias"]
[Date "2001.??.??"]
[Round "7"]
[White "Pascual Arevalo, Ruben"]
[Black "Vega Viejo, Marcelino"]
[Result "1-0"]
[WhiteElo "2169"]
[BlackElo "2218"]
[PlyCount "61"]
[EventDate "2001.??.??"]
[EventType "swiss"]
[EventRounds "11"]
[EventCountry "ESP"]
[SourceTitle "EXT 2003"]
[Source "ChessBase"]
[SourceDate "2002.11.25"]
[SourceVersion "1"]
[SourceVersionDate "2002.11.25"]
[SourceQuality "1"]

1. Nc3 d5 2. d4 Nf6 3. Bf4 Bf5 4. e3 e6 5. f3 Bg6 6. g4 Bd6 7. Nge2 c5 8. h4 cxd4 9. exd4 h6 10. Qd2 Bb4 11. 0-0-0 Nbd7 12. a3 Ba5 13. b4 Bc7 14. Nb5 Bxf4 15. Nxf4 Nb6 16. Nxg6 fxg6 17. Bd3 0-0 18. g5 Nh5 19. gxh6 Nf4 20. hxg7 Kxg7 21. Rdg1 Nc4 22. Bxc4 dxc4 23. h5 Qf6 24. hxg6 Rh8 25. Rh7+ Rxh7 26. gxh7+ Kh8 27. Nc3 Rd8 28. Kb1 Rxd4 29. Qh2 Rd8 30. Ne4 Qe5 31. Qg3 1-0

[Event "Asturias-ch"]
[Site "Asturias"]
[Date "2001.??.??"]
[Round "2"]
[White "Vega Viejo, Marcelino"]
[Black "Muniz Giron, Carlos"]
[Result "1-0"]
[WhiteElo "2218"]
[BlackElo "2017"]
[PlyCount "71"]
[EventDate "2001.??.??"]
[EventType "swiss"]
[EventRounds "11"]
[EventCountry "ESP"]
[SourceTitle "EXT 2003"]
[Source "ChessBase"]
[SourceDate "2002.11.25"]
[SourceVersion "1"]
[SourceVersionDate "2002.11.25"]
[SourceQuality "1"]

1. Nf3 d5 2. d4 c5 3. e3 cxd4 4. exd4 Nf6 5. Bd3 Nc6 6. 0-0 e6 7. Re1 Be7 8. Nbd2 Nb4 9. Bf1 Qc7 10. c3 Nc6 11. Bd3 a6 12. Ne5 Bd7 13. Qf3 b5 14. Qg3 Nh5 15. Qg4 Nxe5 16. dxe5 g6 17. Nf3 Ng7 18. Bg5 Qd8 19. h4 h6 20. Bd2 Nf5 21. h5 Rg8 22. Nd4 Bg5 23. f4 Bh4 24. Rf1 Ng3 25. hxg6 h5 26. gxf7+ Kxf7 27. Qf3 Nxf1 28. Qxh5+ Kf8 29. Rxf1 Qe7 30. f5 exf5 31. Bh6+ Rg7 32. Bxf5 Be8 33. Bh7+ Bf7 34. Bxg7+ Kxg7 35. Nf5+ Kh8 36. Bg6+ 1-0